TEXT BOOK OF SOIL SCIENCE (Record no. 5458)

MARC details
000 -LEADER
fixed length control field 00422nam a22001697a 4500
005 - DATE AND TIME OF LATEST TRANSACTION
control field 20170908165255.0
008 - FIXED-LENGTH DATA ELEMENTS--GENERAL INFORMATION
fixed length control field 170530b xxu||||| |||| 00| 0 eng d
020 ## - INTERNATIONAL STANDARD BOOK NUMBER
ISBN 978-0-07-462043-4
041 ## - LANGUAGE CODE
Language code of text/sound track or separate title eng
082 ## - DEWEY DECIMAL CLASSIFICATION NUMBER
Classification number 631.417
100 ## - MAIN ENTRY--AUTHOR NAME
Personal name BISWAS, T D AND MUKHERJEE, S.K
245 ## - TITLE STATEMENT
Title TEXT BOOK OF SOIL SCIENCE
250 ## - EDITION STATEMENT
Edition statement 2ND
260 ## - PUBLICATION, DISTRIBUTION, ETC. (IMPRINT)
Place of publication CHENNAI
Name of publisher MC GRAW HILL EDUCATION
Year of publication 1994
300 ## - PHYSICAL DESCRIPTION
Number of Pages 433
942 ## - ADDED ENTRY ELEMENTS (KOHA)
Koha item type Books
Holdings
Lost status Damaged status Collection code Home library Current library Shelving location Date acquired Source of acquisition Cost, normal purchase price Full call number Accession Number Koha item type
    AGRICULTURE JRU Library JRU Library SHELF-45-D 30/05/2017 PURCHESS 585.00 631.417 21797 Books
    AGRICULTURE JRU Library JRU Library SHELF-45-D 30/05/2017 PURCHESS 585.00 631.417 21798 Books
    AGRICULTURE JRU Library JRU Library SHELF-15-A 30/05/2017 PURCHESS 585.00 631.417 21799 Books
    AGRICULTURE JRU Library JRU Library SHELF-45-D 30/05/2017 PURCHESS 585.00 631.417 21800 Books
    AGRICULTURE JRU Library JRU Library SHELF-15-A 30/05/2017 PURCHESS 585.00 631.417 21801 Books
    AGRICULTURE JRU Library JRU Library SHELF-15-A 08/09/2017 PURCHESS 599.00 631.417 21850 Books
    AGRICULTURE JRU Library JRU Library SHELF-45-D 08/09/2017 PURCHESS 599.00 631.417 21851 Books
    Reference JRU Library JRU Library SHELF-2-B 16/08/2016 Purchase 550.00 631.417 20927 Books
    Reference JRU Library JRU Library SHELF-2-C 16/08/2016 Purchase 550.00 631.417 20928 Books
    AGRICULTURE JRU Library JRU Library SHELF-45-D 16/08/2016 Purchase 550.00 631.417 20929 Books
    AGRICULTURE JRU Library JRU Library SHELF-45-D 16/08/2016 Purchase 550.00 631.417 20930 Books
    AGRICULTURE JRU Library JRU Library SHELF-45-D 16/08/2016 Purchase 550.00 631.417 20931 Books